000170318 001__ 170318
000170318 005__ 20260410165451.0
000170318 0247_ $$2doi$$a10.33552/AJSSM.2026.03.000559
000170318 0248_ $$2sideral$$a148788
000170318 037__ $$aART-2026-148788
000170318 041__ $$aeng
000170318 100__ $$0(orcid)0000-0002-0445-2958$$aGarcía-Foncillas López, Rafael$$uUniversidad de Zaragoza
000170318 245__ $$aSkiing and Snowboarding at Ski Resorts: Case Studies of Accidents
000170318 260__ $$c2026
000170318 5060_ $$aAccess copy available to the general public$$fUnrestricted
000170318 5203_ $$aMillions of people take part in winter sports worldwide [1,2]. Downhill skiing and snowboarding are said to have beneficial effects on health [3], although they are also associated with a potential risk of injury. Previous studies report an injury rate of 4.6 per 1,000 skier-days [4], with differences between alpine skiers (2 to 10 injuries per 1,000 skier-days) and snowboarders (1 to 6 injuries per 1,000 snowboarder-days) [5,6]. The at-risk population in Spain was 5,155,380 during the 2024-2025 season [7], translating these percentages into a high number of injuries per year. The possibility of suffering a serious injury or death whilst skiing or snowboarding means that these are considered high-risk sports.
000170318 540__ $$9info:eu-repo/semantics/openAccess$$aby$$uhttps://creativecommons.org/licenses/by/4.0/deed.es
000170318 655_4 $$ainfo:eu-repo/semantics/article$$vinfo:eu-repo/semantics/publishedVersion
000170318 7102_ $$11011$$2615$$aUniversidad de Zaragoza$$bDpto. Microb.Ped.Radio.Sal.Pú.$$cÁrea Medic.Prevent.Salud Públ.
000170318 773__ $$g3, 2 (2026), 1-4$$pAcad. j. sports sci. med.$$tAcademic Journal of Sports Science & Medicine$$x2998-2650
000170318 8564_ $$s332024$$uhttps://zaguan.unizar.es/record/170318/files/texto_completo.pdf$$yVersión publicada
000170318 8564_ $$s2113771$$uhttps://zaguan.unizar.es/record/170318/files/texto_completo.jpg?subformat=icon$$xicon$$yVersión publicada
000170318 909CO $$ooai:zaguan.unizar.es:170318$$particulos$$pdriver
000170318 951__ $$a2026-04-10-13:46:28
000170318 980__ $$aARTICLE